[Event "OL SüD WEST 1718 Heimbach Weiß N - SVG"]
[Site "?"]
[Date "2017.10.23"]
[Round "3.1"]
[White "Mohammad, Samir"]
[Black "Winterberg, Lukas"]
[Result "0-1"]
[WhiteElo "2350"]
[BlackElo "2375"]
[PlyCount "60"]
[EventDate "2017.??.??"]

1. e4 c6 2. d3 d5 3. Nd2 e5 4. Ngf3 Bd6 5. g3 Nf6 6. Bg2 O-O 7. O-O Nbd7 8. Re1
Re8 9. c3 Nc5 10. Qc2 dxe4 11. dxe4 Bc7 12. Bf1 a5 13. Nb3 Nxb3 14. axb3 Bb6
15. Be3 h6 16. Nd2 Bxe3 17. Rxe3 Be6 18. Bc4 b5 19. Rd3 Qc8 20. Bxe6 Qxe6 21.
c4 Qe7 22. cxb5 cxb5 23. Rc3 Qb4 24. f3 Red8 25. Nf1 Rd7 26. Rd1 Rxd1 27. Qxd1
a4 28. Qd2 Kh7 29. Rc7 Qxb3 30. g4 Qxf3 0-1

[Event "OL SüD WEST 1718 Heimbach Weiß N - SVG"]
[Site "?"]
[Date "2017.10.23"]
[Round "3.3"]
[White "Bastian, Herbert"]
[Black "Schulz, Klaus-Juergen"]
[Result "1/2-1/2"]
[WhiteElo "2297"]
[BlackElo "2337"]
[PlyCount "97"]
[EventDate "2017.??.??"]

1. e4 c5 2. Nc3 e6 3. g3 d5 4. Bg2 dxe4 5. Nxe4 Nf6 6. Nxf6+ Qxf6 7. Nf3 Nc6 8.
O-O Be7 9. d3 O-O 10. Rb1 e5 11. a3 Bf5 12. Re1 Rfe8 13. Bd2 Qd6 14. Bc3 Bf6
15. Nd2 Qd7 16. Ne4 Be7 17. f4 exf4 18. gxf4 Nd4 19. Qd2 Rac8 20. Qf2 b6 21. b3
Bh3 22. Re3 Bxg2 23. Qxg2 f5 24. Ng3 Bf6 25. Rbe1 Rxe3 26. Rxe3 Nf3+ 27. Qxf3
Bxc3 28. Kg2 g6 29. Ne2 Bf6 30. Ng1 Kf7 31. Qh3 Kg7 32. Nf3 Re8 33. Rxe8 Qxe8
34. Kf2 Bc3 35. Qf1 Qb8 36. Kg3 Bf6 37. h4 Qe8 38. Qf2 Qe7 39. Qd2 h6 40. b4
Qd6 41. bxc5 Qxc5 42. a4 Qa3 43. Qe3 Qxa4 44. Qe6 Qb4 45. d4 Qe7 46. Qc6 Qe3
47. Qc7+ Qe7 48. Qc6 Qe3 49. Qc7+ 1/2-1/2

[Event "OL SüD WEST 1718 Heimbach Weiß N - SVG"]
[Site "?"]
[Date "2017.10.23"]
[Round "3.5"]
[White "Busche, Stefan"]
[Black "Ronge, Tim Hendrik"]
[Result "1/2-1/2"]
[WhiteElo "2040"]
[BlackElo "2103"]
[PlyCount "106"]
[EventDate "2017.??.??"]

1. e4 c5 2. Nf3 e6 3. d4 cxd4 4. Nxd4 a6 5. Bd3 Ne7 6. c4 Nbc6 7. Nb3 g6 8. Nc3
Bg7 9. O-O O-O 10. Bg5 h6 11. Bh4 g5 12. Bg3 Ne5 13. Be2 b6 14. Qd6 N7g6 15.
Rad1 Bb7 16. Rfe1 Rc8 17. Nd2 Rc6 18. Qa3 Qf6 19. Bf1 h5 20. f3 h4 21. Bf2 g4
22. Nd5 exd5 23. exd5 Rcc8 24. Ne4 Qd8 25. Nd6 Rb8 26. Bd4 gxf3 27. Nf5 Bh8 28.
Qe3 f2+ 29. Qxf2 Ng4 30. Qf3 Bxd4+ 31. Rxd4 Nf6 32. Bd3 Re8 33. Rf1 Re5 34.
Nxh4 Kg7 35. Nf5+ Rxf5 36. Bxf5 Qe7 37. Bxg6 fxg6 38. Rf4 Rf8 39. h3 d6 40. b3
Nd7 41. Rxf8 Nxf8 42. Qf2 Nd7 43. Re1 Ne5 44. Kh1 Qd8 45. Qd4 Bc8 46. b4 Kh7
47. c5 Bxh3 48. Rxe5 dxe5 49. Qxe5 Bf5 50. c6 Qh4+ 51. Kg1 Qe4 52. Qc7+ Kh6 53.
d6 Qe1+ 1/2-1/2

[Event "OL SüD WEST 1718 Heimbach Weiß N - SVG"]
[Site "?"]
[Date "2017.10.23"]
[Round "3.6"]
[White "Roos, Thomas"]
[Black "Pernutz, Hans-Gerhard"]
[Result "1-0"]
[WhiteElo "2188"]
[BlackElo "2092"]
[PlyCount "55"]
[EventDate "2017.??.??"]

1. d4 Nf6 2. c4 c5 3. d5 b5 4. cxb5 a6 5. bxa6 g6 6. Nc3 Bxa6 7. e4 Bxf1 8.
Kxf1 d6 9. g3 Bg7 10. Kg2 Nbd7 11. Nf3 O-O 12. h3 Ra7 13. Re1 Qa8 14. Re2 Rc8
15. Bf4 Nb6 16. Rc1 Nh5 17. Bg5 h6 18. Bd2 Na4 19. Rc2 Rb8 20. Bc1 Nxc3 21.
bxc3 Rb1 22. Qd3 Ra4 23. c4 Qa6 24. e5 dxe5 25. Nxe5 Qd6 26. Nxf7 Qf6 27. Nxh6+
Kh7 28. Re6 1-0

[Event "OL SüD WEST 1718 Heimbach Weiß N - SVG"]
[Site "?"]
[Date "2017.10.23"]
[Round "3.7"]
[White "Biehl, Tim"]
[Black "Schaefer, Jochen"]
[Result "1/2-1/2"]
[WhiteElo "1973"]
[BlackElo "2125"]
[PlyCount "71"]
[EventDate "2017.??.??"]

1. e4 c6 2. d4 d6 3. Nc3 g6 4. Be3 Qb6 5. a3 Nf6 6. h3 Bg7 7. Bd3 O-O 8. Nge2
Nbd7 9. O-O Qc7 10. Rb1 e5 11. Qd2 a6 12. Rfd1 exd4 13. Nxd4 Re8 14. Nf3 Nc5
15. Bf4 Nfxe4 16. Nxe4 Nxe4 17. Bxe4 Rxe4 18. Bxd6 Qb6 19. Re1 Bf5 20. Rxe4
Bxe4 21. Ng5 Bd5 22. b4 Qd8 23. Bf4 Qf6 24. Re1 h6 25. Ne4 Qh4 26. Bg3 Qd8 27.
Nd6 Qd7 28. c4 Be6 29. Qe3 a5 30. b5 cxb5 31. cxb5 Bf8 32. Qb6 a4 33. Ne4 Qc8
34. Qd4 Qc4 35. Nf6+ Kh8 36. Qa1 1/2-1/2

[Event "OL SüD WEST 1718 SV Worms - SG Turm Ill"]
[Site "?"]
[Date "2017.10.23"]
[Round "3.1"]
[White "Mayer, Frank"]
[Black "Nasshan, Dennis"]
[Result "1-0"]
[WhiteElo "2311"]
[BlackElo "2356"]
[PlyCount "55"]
[EventDate "2017.??.??"]

1. g3 f5 2. Bg2 Nf6 3. c4 g6 4. Nc3 Bg7 5. Rb1 O-O 6. b4 e5 7. d3 d6 8. Qb3 Kh8
9. e3 Qe8 10. Nge2 Nc6 11. O-O Nd8 12. Nd5 Ne6 13. Bd2 Nh5 14. f4 c6 15. Ndc3
g5 16. fxe5 dxe5 17. g4 fxg4 18. Ne4 Qe7 19. b5 Nhf4 20. exf4 gxf4 21. bxc6
bxc6 22. Bb4 c5 23. Nxc5 Nxc5 24. Bxa8 f3 25. Ng3 f2+ 26. Rxf2 Rxf2 27. Bxc5
Qxc5 28. Ne4 1-0

[Event "OL SüD WEST 1718 SV Worms - SG Turm Ill"]
[Site "?"]
[Date "2017.10.23"]
[Round "3.2"]
[White "Ollenberger, Roland"]
[Black "Giese, Tilman"]
[Result "1/2-1/2"]
[WhiteElo "2284"]
[BlackElo "2032"]
[PlyCount "81"]
[EventDate "2017.??.??"]

1. e4 c5 2. Nf3 e6 3. d4 cxd4 4. Nxd4 Nf6 5. Bd3 Nc6 6. Be3 Ne5 7. f4 Nxd3+ 8.
Qxd3 d5 9. e5 Ne4 10. Nd2 Nxd2 11. Qxd2 Bd7 12. O-O Qc7 13. Qf2 Be7 14. Qg3 g6
15. c3 O-O 16. Nf3 Bb5 17. Rf2 Bd3 18. Ng5 Kg7 19. Bd4 Bf5 20. Qe3 b5 21. h3 h6
22. Nf3 h5 23. Nh2 Rh8 24. Nf1 h4 25. b4 Rhc8 26. a4 a5 27. axb5 axb4 28. Rxa8
Rxa8 29. cxb4 Bxb4 30. b6 Qc4 31. Nd2 Qc1+ 32. Nf1 Qd1 33. Bc5 Qb1 34. Bd6 Ra6
35. Bc7 Ba5 36. Qc5 Bxb6 37. Bxb6 Qxb6 38. Qe7 Ra2 39. Qf6+ Kg8 40. Qxh4 Bd3
41. Ne3 1/2-1/2

[Event "OL SüD WEST 1718 SV Worms - SG Turm Ill"]
[Site "?"]
[Date "2017.10.23"]
[Round "3.3"]
[White "Biehler, Thomas"]
[Black "Dausch, Rene"]
[Result "1/2-1/2"]
[WhiteElo "2210"]
[BlackElo "2289"]
[PlyCount "63"]
[EventDate "2017.??.??"]

1. c4 b6 2. Nc3 Bb7 3. d4 e6 4. Nf3 f5 5. a3 Nf6 6. Bg5 Be7 7. Qc2 Ne4 8. Bxe7
Qxe7 9. g3 d6 10. Bg2 Nxc3 11. Qxc3 Nd7 12. O-O O-O 13. b4 e5 14. dxe5 dxe5 15.
Rfd1 c5 16. Nxe5 Nxe5 17. Bxb7 Qxb7 18. Qxe5 Rae8 19. Qd5+ Qxd5 20. Rxd5 Rxe2
21. bxc5 f4 22. cxb6 axb6 23. Rf1 fxg3 24. hxg3 Rc2 25. Rd7 Rxc4 26. Rb7 Rf6
27. Re1 h5 28. Ree7 Rg6 29. Rbc7 Ra4 30. Ra7 Rag4 31. Kf1 h4 32. gxh4 1/2-1/2

[Event "OL SüD WEST 1718 SV Worms - SG Turm Ill"]
[Site "?"]
[Date "2017.10.23"]
[Round "3.4"]
[White "Steinkohl, Thomas"]
[Black "Schmidt, Johannes"]
[Result "1-0"]
[WhiteElo "2193"]
[BlackElo "2148"]
[PlyCount "73"]
[EventDate "2017.??.??"]

1. e4 c5 2. Nf3 e6 3. d4 cxd4 4. Nxd4 Nf6 5. Nc3 d6 6. Bc4 Nc6 7. Be3 Be7 8.
Qe2 a6 9. O-O-O Qc7 10. Bb3 Na5 11. g4 b5 12. g5 Nxb3+ 13. axb3 Nd7 14. Nf5
exf5 15. Nd5 Qd8 16. exf5 Kf8 17. f6 gxf6 18. gxf6 Bxf6 19. Bh6+ Bg7 20. Bxg7+
Kxg7 21. Rhg1+ Kf8 22. Qg4 Ke8 23. Qg7 Rf8 24. Rge1+ Ne5 25. f4 Kd7 26. fxe5
Kc6 27. Nb4+ Kc7 28. exd6+ Kb6 29. Qd4+ Kb7 30. Qd5+ Kb6 31. Qd4+ Kb7 32. Qd5+
Kb6 33. Qc6+ Ka7 34. Re7+ Kb8 35. Rc7 Ra7 36. Qb6+ Rb7 37. Nc6+ 1-0

[Event "OL SüD WEST 1718 SV Worms - SG Turm Ill"]
[Site "?"]
[Date "2017.10.23"]
[Round "3.5"]
[White "Kessler, Alexander"]
[Black "Helbig, Daniel"]
[Result "0-1"]
[WhiteElo "1831"]
[BlackElo "2163"]
[PlyCount "92"]
[EventDate "2017.??.??"]

1. d4 Nf6 2. Bf4 g6 3. Nf3 Bg7 4. e3 O-O 5. Bd3 d6 6. c3 Nbd7 7. Qc2 Qe8 8.
Nbd2 e5 9. dxe5 dxe5 10. Bg3 Nh5 11. Nb3 a5 12. O-O-O a4 13. Nbd2 Nc5 14. Be2
Bg4 15. Rhe1 Nxg3 16. hxg3 e4 17. Nd4 Bxe2 18. Rxe2 Nd3+ 19. Kb1 c5 20. Nxe4
Qxe4 21. Qxd3 Qxd3+ 22. Rxd3 cxd4 23. exd4 Rfe8 24. Rde3 Rxe3 25. Rxe3 Kf8 26.
Kc2 Re8 27. Kd3 Bh6 28. Rxe8+ Kxe8 29. g4 Kd7 30. g3 Kc6 31. f4 Bf8 32. Ke4 Bd6
33. g5 Bf8 34. b3 axb3 35. axb3 Ba3 36. c4 Bb4 37. Ke5 Be1 38. g4 Bd2 39. Ke4
b6 40. Ke5 Kd7 41. c5 bxc5 42. dxc5 Kc6 43. Kf6 Bxf4 44. b4 Bd2 45. Kxf7 Bxg5
46. Kg7 h5 0-1

[Event "OL SüD WEST 1718 SV Worms - SG Turm Ill"]
[Site "?"]
[Date "2017.10.23"]
[Round "3.6"]
[White "Dauenheimer, Torsten"]
[Black "Hauer, Andreas"]
[Result "1-0"]
[WhiteElo "2213"]
[BlackElo "1946"]
[PlyCount "117"]
[EventDate "2017.??.??"]

1. Nf3 c5 2. c4 e6 3. g3 d5 4. Bg2 Nf6 5. O-O Nc6 6. d4 Be7 7. cxd5 exd5 8. Nc3
O-O 9. dxc5 Bxc5 10. Na4 Be7 11. Be3 Bg4 12. Rc1 Re8 13. Nd4 Qd7 14. Nxc6 bxc6
15. f3 Bf5 16. Bd4 Qe6 17. Qd2 c5 18. Nxc5 Bxc5 19. Rxc5 Qxe2 20. Qxe2 Rxe2 21.
Rd1 Rb8 22. Bf1 Ree8 23. Ra5 Rb7 24. a3 Rb3 25. Kf2 Rxf3+ 26. Kxf3 Bg4+ 27. Kg2
Bxd1 28. Rxa7 Bc2 29. Bb5 Be4+ 30. Kg1 Rc8 31. Bc6 h5 32. Ra8 Rxa8 33. Bxa8 Kf8
34. Bxf6 gxf6 35. Kf2 f5 36. Bc6 Ke7 37. Bb5 d4 38. Be2 h4 39. gxh4 f4 40. a4
d3 41. Bf3 Bf5 42. a5 Bc8 43. Ke1 f5 44. Kd2 Ba6 45. Kc3 Ke6 46. h5 Kf6 47. b4
Bb5 48. Bb7 Kg5 49. a6 f3 50. a7 f2 51. Bg2 Bc6 52. Bf1 Kxh5 53. Kxd3 f4 54.
Ke2 f3+ 55. Kxf2 Kg4 56. b5 Bd5 57. Bd3 Kh3 58. Bf5+ Kxh2 59. Bg4 1-0

[Event "OL SüD WEST 1718 SV Worms - SG Turm Ill"]
[Site "?"]
[Date "2017.10.23"]
[Round "3.7"]
[White "Henschel, Anke Dr"]
[Black "Martin, Mike"]
[Result "1/2-1/2"]
[WhiteElo "2001"]
[BlackElo "2120"]
[PlyCount "135"]
[EventDate "2017.??.??"]

1. e4 c5 2. Nf3 d6 3. Bb5+ Bd7 4. Bxd7+ Qxd7 5. O-O Nc6 6. c3 Nf6 7. Re1 e6 8.
d4 cxd4 9. cxd4 d5 10. e5 Ne4 11. Nbd2 Nxd2 12. Bxd2 Be7 13. a3 O-O 14. Bg5
Bxg5 15. Nxg5 h6 16. Nf3 Na5 17. Qd3 Rfc8 18. Nd2 Rc7 19. Rab1 Rac8 20. f4 Qa4
21. Nf1 Nb3 22. Rbd1 Rc4 23. Nd2 Nxd2 24. Rxd2 Rc2 25. Red1 Qc4 26. Qxc4 R8xc4
27. Kf1 Kh7 28. Ke2 Kg6 29. g4 h5 30. h3 Rxd2+ 31. Rxd2 Rc8 32. Kf3 Rc1 33. Kg3
Rg1+ 34. Kf2 Rh1 35. Kg2 Re1 36. Kf2 Re4 37. Kf3 Kh6 38. Rd3 g5 39. fxg5+ Kxg5
40. gxh5 Kxh5 41. Kg3 Re2 42. b3 a5 43. a4 Re4 44. Kf3 Kg5 45. Kg3 Rf4 46. Kh2
Kf5 47. Kg3 Ke4 48. Rd1 Rf3+ 49. Kg4 Rxb3 50. h4 b5 51. axb5 a4 52. h5 a3 53.
h6 Rxb5 54. Kg5 a2 55. Ra1 Rb2 56. Kf6 Rh2 57. Kg7 Kxd4 58. h7 Kxe5 59. Rxa2
Rh1 60. h8=Q Rxh8 61. Kxh8 d4 62. Kg7 f5 63. Re2+ Kd5 64. Kf6 f4 65. Rxe6 d3
66. Re1 Kd4 67. Kf5 d2 68. Rd1 1/2-1/2

[Event "OL SüD WEST 1718 SV Worms - SG Turm Ill"]
[Site "?"]
[Date "2017.10.23"]
[Round "3.8"]
[White "Haugner, Jan"]
[Black "Siebert, Viktor"]
[Result "1-0"]
[WhiteElo "1878"]
[BlackElo "2084"]
[PlyCount "79"]
[EventDate "2017.??.??"]

1. e4 e5 2. d4 exd4 3. Qxd4 Nc6 4. Qe3 d6 5. Bd2 Nf6 6. Nc3 Ng4 7. Qe2 Nd4 8.
Qd3 c5 9. Nf3 Ne5 10. Nxe5 dxe5 11. Nd5 Be6 12. c3 Nc6 13. Be2 Qd6 14. Be3
O-O-O 15. Rd1 Bxd5 16. exd5 Ne7 17. c4 Kb8 18. O-O f5 19. f4 e4 20. Qc3 Ng6 21.
a3 Be7 22. Rb1 Bf6 23. Qd2 Bd4 24. Kh1 Bxe3 25. Qxe3 h5 26. b4 cxb4 27. axb4
Ne7 28. Rfd1 Qc7 29. Ra1 Qb6 30. Qa3 Nc8 31. c5 Qh6 32. d6 Rd7 33. Bb5 Rhd8 34.
Bxd7 Rxd7 35. Qa4 Qe6 36. Qb5 Ka8 37. Ra3 h4 38. Rda1 Rf7 39. Rxa7+ Nxa7 40.
Qb6 1-0

[Event "OL SüD WEST 1718 SK Landau - SK Altenki"]
[Site "?"]
[Date "2017.10.23"]
[Round "3.1"]
[White "Bruehl, Andreas"]
[Black "Lang, Torsten"]
[Result "0-1"]
[WhiteElo "2359"]
[BlackElo "2317"]
[PlyCount "98"]
[EventDate "2017.??.??"]

1. d4 Nf6 2. c4 e6 3. g3 c5 4. Nf3 cxd4 5. Nxd4 Bb4+ 6. Bd2 Bxd2+ 7. Nxd2 O-O
8. Bg2 Nc6 9. Nb5 d5 10. O-O d4 11. c5 e5 12. Nd6 Qe7 13. Qb3 Rb8 14. Nxc8
Rfxc8 15. Rac1 e4 16. e3 Re8 17. exd4 Nxd4 18. Qe3 Rbd8 19. Rfe1 Ng4 20. Qxe4
Qd7 21. Qxb7 Qf5 22. Nf3 Ne2+ 23. Rxe2 Rxe2 24. c6 Rc2 25. Rf1 Qc5 26. b4 Qxc6
27. Qxa7 Qc4 28. h3 Nf6 29. a3 h6 30. Ne5 Qe6 31. Qe3 Rdd2 32. Ng4 Nxg4 33.
Qxe6 fxe6 34. hxg4 Ra2 35. b5 Rdb2 36. Bc6 Kf7 37. Kg2 Rxa3 38. Kg1 Raa2 39.
Rd1 Rxf2 40. b6 Rfb2 41. b7 Ra3 42. Rf1+ Ke7 43. Bf3 Rab3 44. Rf2 Kd6 45. Kg2
Kc5 46. Be4 Kd4 47. Bc6 e5 48. Rxb2 Rxb2+ 49. Kf3 g5 0-1

[Event "OL SüD WEST 1718 SK Landau - SK Altenki"]
[Site "?"]
[Date "2017.10.23"]
[Round "3.2"]
[White "Baerwinkel, Tobias"]
[Black "Weimann, Maximilian"]
[Result "1-0"]
[WhiteElo "2360"]
[BlackElo "2225"]
[PlyCount "75"]
[EventDate "2017.??.??"]

1. Nf3 d5 2. c4 d4 3. b4 g6 4. g3 Bg7 5. d3 e5 6. Bg2 a5 7. b5 c5 8. bxc6 bxc6
9. O-O Ne7 10. Nbd2 O-O 11. Ba3 Na6 12. Qa4 Bd7 13. Bd6 c5 14. Qa3 Bg4 15. Bxc5
Nxc5 16. Qxc5 Rc8 17. Qa3 h5 18. Rab1 Nc6 19. Rb5 Re8 20. Rfb1 Bf8 21. Qa4 Bb4
22. Ne4 f5 23. Rd5 Qe7 24. Rd7 Qf8 25. Neg5 Re7 26. Rd5 Qf6 27. a3 Bc3 28. h3
Bxf3 29. Nxf3 e4 30. dxe4 fxe4 31. Ng5 d3 32. exd3 exd3 33. Rxd3 Re1+ 34. Rxe1
Bxe1 35. Bd5+ Kh8 36. Ne4 Qb2 37. Bxc6 Qe2 38. Qd1 1-0

[Event "OL SüD WEST 1718 SK Landau - SK Altenki"]
[Site "?"]
[Date "2017.10.23"]
[Round "3.3"]
[White "Heidorn, Oliver"]
[Black "Silber, Henning"]
[Result "1/2-1/2"]
[WhiteElo "2113"]
[BlackElo "2301"]
[PlyCount "38"]
[EventDate "2017.??.??"]

1. d4 d5 2. c4 e6 3. Nc3 c5 4. cxd5 exd5 5. Nf3 Nc6 6. e3 Nf6 7. Be2 a6 8. O-O
Be7 9. b3 O-O 10. Bb2 Bg4 11. h3 Bxf3 12. Bxf3 cxd4 13. exd4 b5 14. Qd3 Qd7 15.
Ne2 Rfc8 16. Rac1 Ra7 17. Nf4 Rac7 18. a3 Nd8 19. Qb1 Ne6 1/2-1/2

[Event "OL SüD WEST 1718 SK Landau - SK Altenki"]
[Site "?"]
[Date "2017.10.23"]
[Round "3.4"]
[White "Bernhardt, Rolf"]
[Black "Telke, Holger"]
[Result "1/2-1/2"]
[WhiteElo "2247"]
[BlackElo "2103"]
[PlyCount "110"]
[EventDate "2017.??.??"]

1. e4 e6 2. d4 d5 3. e5 c5 4. c3 Nc6 5. Nf3 Qb6 6. a3 c4 7. Nbd2 Bd7 8. b3 cxb3
9. Nxb3 Na5 10. Nxa5 Qxa5 11. Bd2 Ba4 12. Qb1 Qc7 13. Bd3 f5 14. O-O h6 15. Rc1
Qd7 16. c4 dxc4 17. Bxc4 Bc6 18. Qb3 Kf7 19. d5 exd5 20. Bd3 g6 21. Nd4 Re8 22.
Bb5 Re6 23. Nxe6 Kxe6 24. Be2 Bg7 25. f4 Ne7 26. Bf3 Qc7 27. Be3 a6 28. Ra2 Qd7
29. Rd2 g5 30. fxg5 Bxe5 31. Re1 Kf7 32. gxh6 Qd6 33. h3 f4 34. Bd4 Bxd4+ 35.
Rxd4 Rxh6 36. Kh2 Nf5 37. Bxd5+ Kg7 38. Bxc6 Qxd4 39. Qxb7+ Kf6 40. Qb3 Ne3 41.
Bf3 Kg5 42. Qg8+ Rg6 43. h4+ Kh6 44. Qf8+ Kh7 45. Qf7+ Qg7 46. Qxf4 Nxg2 47.
Bxg2 Rxg2+ 48. Kh3 Rg6 49. h5 Qd7+ 50. Kh2 Rg4 51. Re7+ Qxe7 52. Qxg4 Qxa3 53.
Qf5+ Kh8 54. Qf6+ Kh7 55. Kg2 Qd3 1/2-1/2

[Event "OL SüD WEST 1718 SK Landau - SK Altenki"]
[Site "?"]
[Date "2017.10.23"]
[Round "3.5"]
[White "Kaster, Martin"]
[Black "Vogel, Johannes"]
[Result "1-0"]
[WhiteElo "2094"]
[BlackElo "2118"]
[PlyCount "65"]
[EventDate "2017.??.??"]

1. Nf3 d5 2. g3 Nc6 3. d4 Bg4 4. Nbd2 f6 5. h3 Bf5 6. c3 Qd7 7. Nh4 Be6 8. e4
g5 9. Ng2 dxe4 10. Nxe4 Bd5 11. Nc5 Qc8 12. c4 Bf7 13. d5 Nd8 14. Ne3 e5 15.
Qa4+ c6 16. Ne4 Qd7 17. Qb3 Bg7 18. Bg2 Bg6 19. Nc3 Ne7 20. Bd2 Nf7 21. Na4 b6
22. h4 h6 23. h5 Bh7 24. c5 Nxd5 25. O-O-O O-O 26. cxb6 axb6 27. Bb4 Rfb8 28.
Nc3 Qa7 29. Nexd5 cxd5 30. Rxd5 Rc8 31. Rhd1 Kh8 32. Rd7 Rc7 33. Qxf7 1-0

[Event "OL SüD WEST 1718 SK Landau - SK Altenki"]
[Site "?"]
[Date "2017.10.23"]
[Round "3.6"]
[White "Lang, Matthias"]
[Black "Schmidt, Reiner"]
[Result "1/2-1/2"]
[WhiteElo "2166"]
[BlackElo "2200"]
[PlyCount "89"]
[EventDate "2017.??.??"]

1. d4 Nf6 2. Nf3 g6 3. Bg5 Bg7 4. Nbd2 d5 5. e3 O-O 6. Bd3 c5 7. c3 b6 8. O-O
Bb7 9. Qb1 Nc6 10. b4 c4 11. Bc2 b5 12. a4 a6 13. e4 Ne8 14. exd5 Qxd5 15. Ne4
Nd6 16. Nc5 Bc8 17. axb5 Nxb5 18. Be4 Qd6 19. Qc1 Ra7 20. Bf4 Nxc3 21. Qxc3
Nxd4 22. Nxd4 Qxf4 23. Qxc4 Rc7 24. Rac1 Rd8 25. Nc6 Rd6 26. Nd3 Qg5 27. Nxe7+
Rxe7 28. Qxc8+ Bf8 29. Nc5 Qe5 30. Bc6 Qd4 31. Nxa6 Rd8 32. Qh3 Re2 33. Qc3 Qh4
34. g3 Qg5 35. b5 Bg7 36. Qc5 Qd2 37. Rcd1 Qxd1 38. Rxd1 Rxd1+ 39. Kg2 Bd4 40.
Qd5 Rxf2+ 41. Kh3 Rdd2 42. Qh1 h5 43. Bf3 Kg7 44. Bxh5 gxh5 45. Nc7 1/2-1/2

[Event "OL SüD WEST 1718 SK Landau - SK Altenki"]
[Site "?"]
[Date "2017.10.23"]
[Round "3.7"]
[White "Hoffmann, Thomas"]
[Black "Moeldner, Juergen"]
[Result "0-1"]
[WhiteElo "2032"]
[BlackElo "2195"]
[PlyCount "138"]
[EventDate "2017.??.??"]

1. d4 Nf6 2. Bg5 e6 3. e4 h6 4. Bxf6 Qxf6 5. c3 g6 6. Nd2 d6 7. Bd3 Bg7 8. Ne2
e5 9. O-O g5 10. Qa4+ Nd7 11. dxe5 dxe5 12. Ng3 O-O 13. b4 Rd8 14. Qc2 Nf8 15.
Nc4 Ng6 16. Nh5 Qe7 17. Nxg7 Kxg7 18. g3 Be6 19. Ne3 Qd7 20. Rfd1 Qc6 21. c4
Rd4 22. Nd5 Qd7 23. Be2 c6 24. Ne3 Rd8 25. c5 Rd2 26. Rxd2 Qxd2 27. Qxd2 Rxd2
28. Bc4 Bxc4 29. Nxc4 Rd4 30. Rc1 Rxe4 31. a3 Rd4 32. Nd6 Rd2 33. Nxb7 e4 34.
Nd6 Ra2 35. b5 Ne5 36. Nxe4 Rxa3 37. f4 gxf4 38. gxf4 Nf3+ 39. Kf2 Nd4 40. b6
axb6 41. cxb6 Rf3+ 42. Kg2 Rb3 43. Rc4 Ne6 44. f5 Nf4+ 45. Kf2 Rxb6 46. Ke3
Nd5+ 47. Kd4 Nf6 48. Nd2 Ra6 49. Nf3 Nd7 50. Ne5 c5+ 51. Ke4 Nxe5 52. Kxe5 Rc6
53. Rg4+ Kf8 54. Kd5 Rf6 55. Rf4 Ke7 56. Kxc5 Ra6 57. Rh4 Ra5+ 58. Kb4 Rxf5 59.
Rxh6 Rd5 60. Kc4 Rd8 61. Rh5 Ke6 62. Ra5 f5 63. Ra1 f4 64. h4 Kf5 65. h5 f3 66.
h6 Kf4 67. h7 f2 68. Rh1 Rh8 69. Kd3 Kf3 0-1

[Event "OL SüD WEST 1718 Caissa Schwarzb. - SG"]
[Site "?"]
[Date "2017.10.23"]
[Round "3.1"]
[White "Barzen, Pascal"]
[Black "Frischmann, Rick"]
[Result "0-1"]
[WhiteElo "2253"]
[BlackElo "2343"]
[PlyCount "94"]
[EventDate "2017.??.??"]

1. e4 e5 2. Nf3 Nc6 3. Bb5 a6 4. Ba4 Nf6 5. O-O Be7 6. Re1 b5 7. Bb3 O-O 8. c3
d6 9. h3 Nb8 10. d4 Nbd7 11. c4 c6 12. c5 Qc7 13. cxd6 Bxd6 14. Bg5 exd4 15.
Nxd4 h6 16. Bh4 Re8 17. Nd2 c5 18. Nf5 Be5 19. Bd5 Rb8 20. Nf3 Rb6 21. Nxe5
Nxe5 22. Ne3 Ng6 23. Bg3 Nf4 24. Qf3 g5 25. Rac1 Nd7 26. Kh1 Rg6 27. Red1 Nf6
28. Rd2 c4 29. Rdc2 Qe5 30. b3 Nxe4 31. Bxe4 Qxe4 32. Qxe4 Rxe4 33. bxc4 b4 34.
Rd2 Rc6 35. c5 Be6 36. h4 a5 37. hxg5 hxg5 38. Rd8+ Kh7 39. Rc2 a4 40. Rb8 b3
41. axb3 axb3 42. Rd2 Rxc5 43. Kh2 Ra4 44. Rdd8 Ra1 45. Rd1 Rcc1 46. Rxc1 Rxc1
47. Rb5 Nd3 0-1

[Event "OL SüD WEST 1718 Caissa Schwarzb. - SG"]
[Site "?"]
[Date "2017.10.23"]
[Round "3.2"]
[White "Fries, Frederik"]
[Black "Dany, Alexander"]
[Result "1-0"]
[WhiteElo "2301"]
[BlackElo "2129"]
[PlyCount "65"]
[EventDate "2017.??.??"]

1. Nf3 Nf6 2. c4 e6 3. Nc3 d5 4. e3 Be7 5. b3 O-O 6. Bb2 b6 7. cxd5 exd5 8. d4
Nbd7 9. Bd3 c5 10. O-O Bb7 11. Ne5 Ne4 12. Nxd7 Qxd7 13. dxc5 Nxc5 14. Ne2 Nxd3
15. Qxd3 Rac8 16. Rfd1 Rfd8 17. h3 Qe6 18. Qd4 Bf6 19. Qd2 Be7 20. Bd4 Qe4 21.
Ng3 Qc2 22. Qxc2 Rxc2 23. Nf5 Bf8 24. a4 Bc8 25. Nh4 Be7 26. Nf3 Bb4 27. a5
Bxa5 28. b4 Bxb4 29. Rxa7 Bc5 30. Ra8 Rf8 31. Bxc5 bxc5 32. Rb1 Bxh3 33. Rbb8
1-0

[Event "OL SüD WEST 1718 Caissa Schwarzb. - SG"]
[Site "?"]
[Date "2017.10.23"]
[Round "3.4"]
[White "Czybik, Nils-Patrick"]
[Black "Hein, Ralf"]
[Result "1-0"]
[WhiteElo "2169"]
[BlackElo "1927"]
[PlyCount "83"]
[EventDate "2017.??.??"]

1. d4 Nf6 2. c4 g6 3. Nc3 Bg7 4. Nf3 O-O 5. g3 d6 6. Bg2 Nc6 7. O-O a6 8. d5
Na5 9. b3 c5 10. dxc6 Ne4 11. c7 Qxc7 12. Nd5 Qd8 13. Nd4 Nf6 14. Bb2 e6 15.
Nxf6+ Bxf6 16. Qd2 e5 17. Nc2 Bg5 18. e3 Nc6 19. Ba3 Bf5 20. Rac1 Be7 21. Rfd1
Bg4 22. f3 Be6 23. Nb4 Nxb4 24. Bxb4 Qb6 25. Kf2 a5 26. Bxd6 Bxd6 27. Qxd6 Qxd6
28. Rxd6 a4 29. Rc2 b5 30. cxb5 a3 31. Ra6 Bf5 32. e4 Bd7 33. Bf1 f5 34. exf5
Bxf5 35. Rxa8 Rxa8 36. Bc4+ Kf8 37. Re2 Rd8 38. Rxe5 Rd2+ 39. Re2 Rb2 40. b6
Bc8 41. Ke3 Ke7 42. Bd5 1-0

[Event "OL SüD WEST 1718 Caissa Schwarzb. - SG"]
[Site "?"]
[Date "2017.10.23"]
[Round "3.5"]
[White "Magar, Johannes"]
[Black "Holle, Cedric"]
[Result "0-1"]
[WhiteElo "2097"]
[BlackElo "2088"]
[PlyCount "102"]
[EventDate "2017.??.??"]

1. e4 e6 2. d3 d5 3. Nd2 c5 4. Ngf3 Nc6 5. g3 g6 6. Bg2 Bg7 7. O-O Nge7 8. c3
O-O 9. Qe2 a5 10. a4 b6 11. Re1 Ba6 12. e5 Ra7 13. Nf1 Rd7 14. Bf4 h6 15. h4
Nf5 16. N1h2 Qe7 17. Qd2 Kh7 18. Ng4 Rb7 19. Bf1 Rc8 20. Ne3 Rd7 21. Nxf5 exf5
22. Bh3 Nd8 23. g4 fxg4 24. Bxg4 Ne6 25. Bg3 Bb7 26. d4 Rdc7 27. Bxe6 Qxe6 28.
Kg2 Rd8 29. Rh1 Bc8 30. Rae1 Re7 31. Qe3 Qc6 32. Qf4 Bf5 33. Nd2 Qxa4 34. h5
Rf8 35. Bh4 Re6 36. Bf6 Qd7 37. hxg6+ fxg6 38. Rxh6+ Bxh6 39. Qxh6+ Kg8 40. Rh1
Ree8 41. Qg5 Qb5 42. Rh8+ Kf7 43. Rh7+ Ke6 44. Bd8 Rf7 45. Rxf7 Kxf7 46. Qf6+
Kg8 47. Qg5 cxd4 48. cxd4 Qxb2 49. Bf6 Qxd4 50. Qh6 Qg4+ 51. Kh2 Qh5+ 0-1

[Event "OL SüD WEST 1718 Caissa Schwarzb. - SG"]
[Site "?"]
[Date "2017.10.23"]
[Round "3.8"]
[White "Grewenig, Jan"]
[Black "Roj, Michaela"]
[Result "1-0"]
[WhiteElo "2089"]
[BlackElo "1936"]
[PlyCount "47"]
[EventDate "2017.??.??"]

1. e4 e5 2. Nf3 Nc6 3. d4 exd4 4. Nxd4 Bc5 5. Nb3 Bb6 6. Nc3 Qf6 7. Qe2 Nge7 8.
Be3 d6 9. O-O-O O-O 10. h3 Ng6 11. g3 Qe7 12. f4 f5 13. h4 Qf7 14. Bxb6 axb6
15. exf5 Bxf5 16. h5 Nge7 17. a3 Be6 18. h6 g6 19. Ne4 Bxb3 20. Ng5 Qf5 21.
cxb3 Rf6 22. Bh3 Qc5+ 23. Kb1 Nf5 24. Ne6 1-0

[Event "SK Altenkirchen I-Caissa Schwarzenbach "]
[Site "?"]
[Date "2017.11.12"]
[Round "4.1"]
[White "Frischmann, Rick"]
[Black "Brühl, Andreas"]
[Result "1-0"]
[WhiteElo "2306"]
[BlackElo "2359"]
[PlyCount "101"]
[EventDate "2017.??.??"]
[WhiteTeam "Caissa Schwarzenbach I"]
[BlackTeam "SK Altenkirchen I"]

1. e4 e5 2. Nf3 Nc6 3. d4 exd4 4. Nxd4 Nf6 5. Nxc6 bxc6 6. e5 Qe7 7. Qe2 Nd5 8.
c4 Ba6 9. b3 g5 10. h4 Bg7 11. Bb2 O-O-O 12. Nd2 Nb4 13. Qe4 Rhe8 14. O-O-O
Nxa2+ 15. Kb1 Nb4 16. hxg5 Qxg5 17. f4 f5 18. Qe3 Qe7 19. Qxa7 Bb7 20. Rxh7 Rh8
21. Rxh8 Rxh8 22. Qf2 c5 23. g3 Rh1 24. Bc3 Bf8 25. Be2 Qh7 26. Rxh1 Qxh1+ 27.
Kb2 Qh6 28. Bxb4 cxb4 29. Bf3 Qa6 30. Bxb7+ Kxb7 31. Qf3+ c6 32. Qd3 Kc7 33.
Qxf5 Bc5 34. Qd3 Qa7 35. Nf3 Bf2 36. Qd6+ Kc8 37. Qf8+ Kc7 38. Qd6+ Kc8 39.
Qf8+ Kc7 40. Qxb4 Qe3 41. Qd6+ Kc8 42. e6 Qxf3 43. Qxd7+ Kb8 44. Qd6+ Kb7 45.
e7 Qe2+ 46. Ka3 Be3 47. Qd7+ Kb6 48. Qd8+ Kb7 49. e8=Q Bc1+ 50. Kb4 c5+ 51. Kb5
1-0